Carregant...

Two men and music: Nationalism in the making of an Indian classical tradition /

Dades bibliogràfiques
Autor principal: Janaki Bakhle
Format: Printed Book
Idioma:English
Publicat: Delhi : Permanent Black, 2005.
LEADER 00801nam a2200169Ia 4500
008 150624b xxu||||| |||| 00| 0 eng d
020 |a 8178241579 
020 |a 8178241579 
082 |a 780.954 
100 |a Janaki Bakhle 
245 |a Two men and music:  |b Nationalism in the making of an Indian classical tradition /  |c Janaki Bakhle 
260 |a Delhi :  |b Permanent Black,  |c 2005. 
300 |a 338 p. 
505 |a  1. The prince and the musician 2. Music enters the public sphere 3. The contradictions of music's modernity 4. The certainty of music's modernity 5. Music in public and national conversation 6. The muscian and gharana modern. 
942 |c BK 
999 |c 55728  |d 55728 
952 |0 0  |1 0  |4 0  |6 780_954000000000000_JAN_T  |7 0  |9 55706  |a UL  |b UL  |c ST1  |d 2012-10-27  |l 0  |o 780.954 JAN/T  |p 80198  |r 2012-10-27  |w 2012-10-27  |y BK